Inventarizácia ako prostriedok kontroly vecnej správnosti účtovníctva bakalárska práca

Enregistré dans:
Détails bibliographiques
Auteur principal: Jurcová, Lenka
Collectivité auteur: Fakulta hospodárskej informatiky EU. Katedra účtovníctva a audítorstva
Autres auteurs: Kordošová, Alena, 1970-
Format: Livre
Langue:slovaque
Publié: Bratislava 2009
Tags: Ajouter un tag
Pas de tags, Soyez le premier à ajouter un tag!

MARC

LEADER 00000nam$a2200000$$$4500
001 0103764
005 20240318134651.4
041 0 |a slo 
044 |a SK 
245 1 0 |a Inventarizácia ako prostriedok kontroly vecnej správnosti účtovníctva  |b bakalárska práca  |c Lenka Jurcová ; škol. Alena Kordošová 
264 1 |a Bratislava  |c 2009 
300 |a 35 s. 
100 1 |a Jurcová, Lenka 
700 1 |a Kordošová, Alena, 1970- 
710 2 |a Fakulta hospodárskej informatiky EU. Katedra účtovníctva a audítorstva